Prístup k zákazníkovi ako faktor úspešnosti vybraného podniku bakalárska práca

Guardado en:
Detalles Bibliográficos
Autor principal: Lacková, Ivana
Autor Corporativo: Podnikovohospodárska fakulta EU so sídlom v Košiciach. Katedra marketingu a obchodu
Otros Autores: Gajdoš, Jozef, 1962-2025
Formato: Libro
Lenguaje:eslovaco
Publicado: Košice 2010
Etiquetas: Agregar Etiqueta
Sin Etiquetas, Sea el primero en etiquetar este registro!

MARC

LEADER 00000nbm a2200000 4500
001 0132788
005 20161109111443.8
041 0 |a slo 
044 |a SK 
245 1 0 |a Prístup k zákazníkovi ako faktor úspešnosti vybraného podniku  |b bakalárska práca  |c Ivana Lacková ; školiteľ: Jozef Gajdoš 
264 1 |a Košice  |c 2010 
300 |a 45 s. 
100 1 |a Lacková, Ivana 
700 1 |a Gajdoš, Jozef, 1962-2025 
710 2 |a Podnikovohospodárska fakulta EU so sídlom v Košiciach. Katedra marketingu a obchodu